|
|
|
|
| LEADER |
00651nam a2200181Ia 4500 |
| 001 |
CTU_141959 |
| 008 |
210402s9999 xx 000 0 und d |
| 082 |
|
|
|a 338.1
|
| 082 |
|
|
|b R696
|
| 100 |
|
|
|a Rodríguez J., Lylian
|
| 245 |
|
0 |
|a Appropriate use of local resources in integrated farming as a strategy for sustainable agriculture in central Vietnam
|
| 245 |
|
0 |
|c Lylian Rodríguez J.
|
| 260 |
|
|
|b Swedish University of Agricultural Sciences
|
| 260 |
|
|
|c 1996
|
| 650 |
|
|
|a Agriculture,Nông nghiệp
|
| 650 |
|
|
|x Economic aspects,Khía cạnh kinh tế
|
| 904 |
|
|
|i Tuyến
|
| 980 |
|
|
|a Trung tâm Học liệu Trường Đại học Cần Thơ
|